Key issues in cross-cultural psychology : selected papers from the Twelfth International Conference of the International Association for Cross-Cultural Psychology, held in Pamplona-Iruna, Navarro, Spain
Αποθηκεύτηκε σε:
| Συγγραφή απο Οργανισμό/Αρχή: | |
|---|---|
| Άλλοι συγγραφείς: | , , |
| Μορφή: | Βιβλίο |
| Γλώσσα: | English |
| Δημοσίευση: |
Lisse :
Swets and Zeitlinger,
1996.
|
| Θέματα: | |
| Ετικέτες: |
Προσθήκη ετικέτας
Δεν υπάρχουν, Καταχωρήστε ετικέτα πρώτοι!
|
MARC
| LEADER | 00000cam a2200000 i 4500 | ||
|---|---|---|---|
| 001 | 1/100369 | ||
| 008 | 000201s1996 eng d | ||
| 020 | |a 90-265-1441-7 | ||
| 035 | |l 10057251 | ||
| 040 | |a GR-MY-UA |b gre |e aacr | ||
| 041 | 0 | |a eng | |
| 082 | 0 | |a 155.8 | |
| 110 | 2 | |a International Association for Cross-Cultural Psychology. | |
| 245 | 1 | 0 | |a Key issues in cross-cultural psychology : |b selected papers from the Twelfth International Conference of the International Association for Cross-Cultural Psychology, held in Pamplona-Iruna, Navarro, Spain / |c edited by Hector Grad, Amalio Blanco, James Georgas. |
| 260 | |a Lisse : |b Swets and Zeitlinger, |c 1996. | ||
| 300 | |a 386 σ. : |b σχεδ. ; | ||
| 500 | |a Published for the International Association for Cross-Cultural Psychology. | ||
| 650 | 0 | 0 | |a Ethnopsychology |x Congresses. |
| 700 | 1 | |a Blanco Abarca, Amalio, |e edt | |
| 700 | 1 | |a Grad, Hector |d 1958- |e edt | |
| 700 | 1 | |a Georgas, James |d 1934- |e edt | |
| 852 | |a INST |b LESVOS |e 20000201 |h 155.8 INT |p 005100021746 |q 005100021746 |t BK |y 0 | ||
| 901 | |a BIBL1-2000-1 | ||
| 909 | |a Λ |b 072697 | ||
| 922 | |a 1ΕΛΗ |b 199912 |c ΚΠΣ/ΤΚΑ |d LEADER | ||
| 950 | |a 117-1999-07-27 | ||
| 970 | |a ΚΑΜΑΤΣΟΥ |b ΔΕΣΠΟΙΝΑ |z 2000/02/24 | ||